| 000 | 00751nam a22002417a 4500 | ||
|---|---|---|---|
| 999 |
_c64839 _d64839 |
||
| 005 | 20240530110754.0 | ||
| 008 | 181224s2017 ua g 00| j ara d | ||
| 017 |
_a2017/10852 _bمصر. دار الكتب |
||
| 020 | _a9789770934241 | ||
| 040 |
_aEG-CaGPL _cEG-CaGPL |
||
| 082 | 0 | 4 |
_221 _a813.02 / _bى أ |
| 100 | 0 | _aيوسف زيدان | |
| 245 | 1 | 0 |
_aاهل الحى / _cيوسف زيدان |
| 250 | _aط.2 | ||
| 260 |
_aالقاهرة : _bدار الشروق ، _c2017. |
||
| 300 |
_a157 ص. ؛ _c19 سم. |
||
| 650 | 0 | 7 |
_2qrmak _aالادب العربى |
| 650 | 0 | 7 |
_2qrmak _aالقصص العربية |
| 650 | 0 | 7 |
_2qrmak _aالقصص القصيرة |
| 651 | _2qrmak | ||
| 942 |
_2ddc _cBK |
||